| 000 | 00387nam a22001457a 4500 | ||
|---|---|---|---|
| 020 | _a9788129700476 | ||
| 040 | _cNust | ||
| 082 |
_a006.37 _bFOR |
||
| 100 |
_aForsyth, A David _9123611 |
||
| 110 |
_aPonce, Jean _9112076 |
||
| 245 |
_aComputer Vision: _b A Modern Approach |
||
| 260 |
_aIndia: _bPearson education India services, _c2005. |
||
| 650 | _aComputer Vision | ||
| 942 |
_2ddc _cBK |
||
| 999 |
_c609743 _d609743 |
||